000 00695nam a2200253Ia 4500
003 OSt
005 20221005073235.0
006 a|||||r|||| 00| 0
007 ta
008 221004b |||||||| |||| 00| 0 eng d
020 _a812120545X(set)
024 _a26034
037 _cTextual
040 _aCRL
_cCRL
_beng
041 _2eng
_aeng
082 _aF:56k, N8.1-.3
100 _aShah Giri Raj
_9132784
245 0 _aEncyclopaedia of narcotic drugs and psychotropic substances. 3V
260 _aNew Delhi
_bGyan Publishing House
_c1998
300 _a1276p.
_ccm.
650 _aDRUGS
942 _hF:56k, N8.1-.3
_cTEXL
_2cc
999 _c980807
_d980807